00638nam a2200193Ia 4500008004100000020001300041082001400054100002200068245005500090250000800145260005500153300003000208500001900238600003300257650001600290942000700306952011600313999001500429240925s9999 xx 000 0 und d a29465079 a519.2 HEL aHelstrom ,Carl W. 0aProbability and Stochastic Processes for Engineers a2nd aCalifornia:bBrooks/Cole Cengagae Learningc,1991. axiii,543p.bNAfPhotocopy aIncludes Index aHumanities & Natural Science aMathematics cBK 001040708HUMaUITUbUITUd2008-04-08eS.B.Bg54.00l0o519.2 HELpQ7440r2024-09-25 07:14:36w2024-09-25yBK c9939d9939